|
|
|
|
| LEADER |
00000nam a22000007a 4500 |
| 005 |
20110905115755.0 |
| 008 |
110905t2011 sp ||||s|||| 001 0 por d |
| 035 |
|
|
|a 5646
|
| 040 |
|
|
|a vLex
|
| 090 |
|
|
|c 2368
|d 2368
|
| 100 |
1 |
|
|a Ourique, Arnaldo
|
| 245 |
1 |
0 |
|a Sala da autonomia
|h [Recurso electrn̤ico] :
|b Outros ensaios sobre as regie̳s autn̤omas portuguesas /
|c Arnaldo Ourique
|
| 256 |
|
|
|a Servicio en ln̕ea.
|
| 260 |
|
|
|a [Barcelona] :
|b Editorial vLex,
|c 2011.
|
| 300 |
|
|
|a 1 recurso electrn̤ico
|
| 506 |
1 |
|
|a Contenido solo disponible en los productos indicados
|d vLex Global
|d vLex Global (Academic Edition, excluding Law Schools)
|d vLex Global (U.S. Academic Edition, Law Schools)
|d vLex Global (U.S. Academic Edition, excluding Law Schools)
|d vLex Global (Academic Edition, Law Schools)
|
| 650 |
0 |
4 |
|a Regiones
|z Portugal
|
| 740 |
0 |
|
|a vLex Libros (Servicio en ln̕ea)
|
| 856 |
4 |
0 |
|u http://vlex.com/source/sala-autonomia-ensaios-regioes-autonomas-portuguesas-5646
|z Acceso restringido
|
| 942 |
|
|
|c BOOK
|